Blur Tracklist (Blur) - Statistics

General Stats
  • This quiz has been taken 12 times
  • The average score is 9 of 14
Answer Stats
Hint Answer % Correct
2 Song 2
100%
1 Beetlebum
80%
3 Country Sad Ballad Man
70%
14 Essex Dogs
70%
4 M.O.R.
70%
7 You're so Great
70%
9 Chinese Bombs
60%
8 Death of a Party
60%
5 On Your Own
60%
12 Strange News from Another Star
60%
10 I'm Just a Killer for Your Love
50%
11 Look Inside America
50%
13 Movin' On
50%
6 Theme from Retro
40%
No matching quizzes found
Score Distribution
Percent of People with Each Score
Percentile by Number Answered
Your Score History
You have not taken this quiz